Logo BPK

Biblioteka

Politechniki Koszalińskiej

Synteza automatów cyfrowych / (Rekord nr 1033)

Szczegóły MARC
000 -ETYKIETA REKORDU
podpole kontrolne o stałej długości 00524nam a2200169 i 4500
001 - NUMER KONTROLNY REKORDU
pole kontrolne bg
040 ## - ŹRÓDŁO KATALOGOWANIA
Instytucja, która utworzyła rekord BPK
041 ## - KOD JĘZYKA
Kod języka tekstu pol
080 ## - UNIWERSALNA KLASYFIKACJA DZIESIĘTNA - UKD
UKD 007:681.32
008 - POLE O STAŁEJ DŁUGOŚCI - DANE KONTROLNE
podpole kontrolne o stałej długości s pl f |000 0 pol
100 1# - NAZWA OSOBOWA
Nazwa osobowa Gluškov, Viktor Mihajlovič
Daty związane z nazwą (1923-1982).
245 #0 - TYTUŁ/ODPOWIEDZIALNOŚĆ
Tytuł Synteza automatów cyfrowych /
Pozostałe elementy strefy tytułu i oznaczenia odpowiedzialności V. M. Gluskov ; Tłum. [z ros.] Michał Wołodźko.
260 ## - STREFA ADRESU WYDAWNICZEGO
Miejsce wydania Warszawa :
Nazwa wydawcy/dystrybutora Wydawnictwa Naukowo-Techniczne,
Data publikacji, dystrybucji/powstania dokumentu [1968].
300 ## - STREFA OPISU FIZYCZNEGO
Objętość s. 348 :
Inne cechy fizyczne rys., wykr.
500 ## - UWAGI OGÓLNE
Tekst uwagi Na k. tyt. aut. : W. M. Głuszkow.
856 ## - LOKALIZACJA I DOSTĘP DO ELEKTRONICZNYCH DOKUMENTÓW ZDALNYCH
Link (URL) http://koha.tu.koszalin.pl/cgi-bin/koha/opac-detail.pl?biblionumber=1033
Tekst linku Katalog online BPK
942 ## - DODATKOWE ELEMENTY (KOHA)
Typ dokumentu Książka
Egzemplarze
Wycofany Status egzemplarza Uszkodzony Dostępność Lokalizacja stała Lokalizacja bieżąca Miejsce przechowywania Sygnatura Kod kreskowy Typ dokumentu
      Dostępny Biblioteka Politechniki Koszalińskiej Biblioteka Politechniki Koszalińskiej Wypożyczalnia BG P 22310 01934397 Książka
© 2023 Biblioteka Politechniki Koszalińskiej :: KOHA